The most exciting place / (Record no. 8926)

MARC details
000 -LEADER
fixed length control field 01105nam a22002657a 4500
001 - CONTROL NUMBER
control field 8926
003 - CONTROL NUMBER IDENTIFIER
control field FISKH
005 - DATE AND TIME OF LATEST TRANSACTION
control field 20251110101658.0
008 - FIXED-LENGTH DATA ELEMENTS--GENERAL INFORMATION
fixed length control field 251110b cb ||||| |||| 00| 0 eng d
020 ## - INTERNATIONAL STANDARD BOOK NUMBER
International Standard Book Number 0854761985
040 ## - CATALOGING SOURCE
Original cataloging agency FISKH
Language of cataloging eng
Transcribing agency FISKH
Modifying agency FISKH
050 ## - LIBRARY OF CONGRESS CALL NUMBER
Classification number PZ7
082 ## - DEWEY DECIMAL CLASSIFICATION NUMBER
Classification number 813
100 ## - MAIN ENTRY--PERSONAL NAME
Personal name Simmons, Kim
Relator term Author
245 ## - TITLE STATEMENT
Title The most exciting place /
Statement of responsibility, etc. By Kim Simmons
260 ## - PUBLICATION, DISTRIBUTION, ETC.
Place of publication, distribution, etc. London :
Name of publisher, distributor, etc. Victory Press ,
Date of publication, distribution, etc. 1973
300 ## - PHYSICAL DESCRIPTION
Extent 104 pages :
Dimensions 20 cm
505 ## - FORMATTED CONTENTS NOTE
Formatted contents note R<br/>
520 ## - SUMMARY, ETC.
Summary, etc. A young boy, Tom, who embarks on a thrilling adventure in a seemingly ordinary setting. The story focuses on Tom’s growing awareness of the world around him and his desire to find excitement and adventure, even in his everyday life. As he encounters various characters and situations, he discovers that the most exciting place isn’t necessarily a far-off destination or a grand event, but rather the places and people we often overlook in our daily lives.
521 8# - TARGET AUDIENCE NOTE
Target audience note 720<br/>
Source Lexile estimate<br/>
521 8# - TARGET AUDIENCE NOTE
Target audience note R<br/>
Source Raz-Plus<br/>
650 ## - SUBJECT ADDED ENTRY--TOPICAL TERM
Topical term or geographic name entry element Novel
Form subdivision Adventure
942 ## - ADDED ENTRY ELEMENTS (KOHA)
Source of classification or shelving scheme Dewey Decimal Classification
Koha item type Books
Suppress in OPAC No
Holdings
Withdrawn status Lost status Source of classification or shelving scheme Damaged status Not for loan Home library Current library Shelving location Date acquired Total Checkouts Full call number Barcode Date last seen Copy number Price effective from Koha item type
    Dewey Decimal Classification     Footprints International School Library Network Toul Tom Poung Campus Footprints International School Library Network Toul Tom Poung Campus TTP Primary Orange Bookshelves 11/10/2025   SIM 813 PZ7 FIS00106 11/10/2025 1 11/10/2025 Books